Juice WRLD Discography - Statistics

General Stats
  • This quiz has been taken 85 times
    43 since last reset
  • The average score is 61 of 120
Answer Stats
Year Album Song % Correct
2018 Goodbye & Good Riddance Lucid Dreams
88%
2017 JuiceWrld 9 9 9 Lucid Dreams (Forget Me)
88%
2018 Goodbye & Good Riddance All Girls Are the Same
79%
2018 Goodbye & Good Riddance Lean Wit Me
75%
2017 JuiceWrld 9 9 9 Moonlight
75%
2019 Death Race for Love Bandit
71%
2018 Goodbye & Good Riddance Black & White
71%
2019 Death Race for Love Empty
71%
2018 Singles Legends
71%
2019 Death Race for Love Maze
71%
2019 Death Race for Love Robbery
71%
2018 Goodbye & Good Riddance Candles
67%
2018 Goodbye & Good Riddance Hurt Me
67%
2024 The Party Never Ends The Party Never Ends
67%
2024 The Party Never Ends Cuffed
63%
2020 Legends Never Die Fighting Demons
63%
2019 Death Race for Love Flaws and Sins
63%
2018 Goodbye & Good Riddance Intro
63%
2017 JuiceWrld 9 9 9 Let Me Know (I Wonder Why Freestyle)
63%
2024 The Party Never Ends Misfit
63%
2019 Death Race for Love Rider
63%
2018 Goodbye & Good Riddance Used To
63%
2018 Goodbye & Good Riddance Wasted
63%
2021 Fighting Demons Already Dead
58%
2019 Death Race for Love Big
58%
2021 Fighting Demons Burn
58%
2020 Legends Never Die Come & Go
58%
2020 Legends Never Die Conversations
58%
2021 Fighting Demons Eminem Speaks
58%
2021 Fighting Demons Feline
58%
2019 Death Race for Love Hear Me Calling
58%
2019 Death Race for Love HeMotions
58%
2018 Goodbye & Good Riddance I'll Be Fine
58%
2021 Fighting Demons Juice Wrld Speaks
58%
2021 Fighting Demons Juice Wrld Speaks 2
58%
2020 Legends Never Die Juice WRLD Speaks from Heaven (Outro)
58%
2020 Legends Never Die Life's a Mess
58%
2018 Goodbye & Good Riddance Long Gone
58%
2018 Goodbye & Good Riddance Scared of Love
58%
2020 Legends Never Die Stay High
58%
2019 Death Race for Love Syphilis
58%
2020 Legends Never Die Titanic
58%
2018 Goodbye & Good Riddance Armed and Dangerous
54%
2024 The Party Never Ends Barbarian
54%
2018 Goodbye & Good Riddance Betrayal (Skit)
54%
2024 The Pre-Party Cavalier
54%
2024 The Party Never Ends Condone It
54%
2018 Goodbye & Good Riddance End of the Road
54%
2019 Death Race for Love Fast
54%
2021 Fighting Demons Girl of My Dreams
54%
2021 Fighting Demons Go Hard
54%
2020 Legends Never Die Hate the Other Side
54%
2020 Legends Never Die Man of the Year
54%
2024 The Party Never Ends Oxycodone
54%
2023 Singles The Light
54%
2019 Death Race for Love 10 Feet
50%
2024 The Party Never Ends Best Friend
50%
2021 Fighting Demons Cigarettes
50%
2019 Death Race for Love Demonz (Interlude)
50%
2019 Death Race for Love Desire
50%
2024 The Party Never Ends Empty Out Your Pockets
50%
2019 Death Race for Love Feeling
50%
2024 The Party Never Ends Goodbye
50%
2024 The Pre-Party Lightyears
50%
2019 Death Race for Love Make Believe
50%
2024 The Party Never Ends Party by Myself
50%
2020 Legends Never Die Righteous
50%
2019 Death Race for Love Ring Ring
50%
2019 Death Race for Love She's the One
50%
2020 Legends Never Die Smile
50%
2024 The Party Never Ends Spend It
50%
2019 Death Race for Love The Bees Knees
50%
2019 Death Race for Love Who Shot Cupid?
50%
2020 Legends Never Die Wishing Well
50%
2020 Legends Never Die Blood on My Jeans
46%
2020 Legends Never Die Can't Die
46%
2021 Fighting Demons Doom
46%
2021 Fighting Demons Feel Alone
46%
2024 The Party Never Ends Floor It
46%
2018 Goodbye & Good Riddance I'm Still
46%
2020 Legends Never Die I Want It
46%
2024 The Party Never Ends Jeffrey
46%
2018 Goodbye & Good Riddance Karma (Skit)
46%
2024 The Party Never Ends KTM Drip
46%
2024 The Party Never Ends Lace It
46%
2024 The Party Never Ends Love Letter
46%
2018 Singles Rich and Blind
46%
2021 Fighting Demons Rockstar in His Prime
46%
2021 Fighting Demons Sometimes
46%
2024 The Party Never Ends Adore You
42%
2024 The Party Never Ends AGATS2 (Insecure)
42%
2020 Legends Never Die Anxiety (Intro)
42%
2020 Legends Never Die Bad Energy
42%
2022 Singles In My Head
42%
2019 Death Race for Love On God
42%
2020 Legends Never Die Tell Me U Luv Me
42%
2021 Fighting Demons Wandered to LA
42%
2024 The Pre-Party World Tour (Aquafina)
42%
2024 The Pre-Party Both Ways
38%
2024 The Party Never Ends Celebrate
38%
2022 Singles Face 2 Face
38%
2021 Fighting Demons From My Window
38%
2021 Fighting Demons My Life in a Nutshell
38%
2021 Fighting Demons Not Enough
38%
2020 Legends Never Die Screw Juice
38%
2020 Legends Never Die The Man, the Myth, the Legend (Interlude)
38%
2021 Fighting Demons Until the Plug Comes Back Around
38%
2020 Legends Never Die Up Up and Away
38%
2019 Death Race for Love Won't Let Go
38%
2019 Death Race for Love Out My Way
33%
2017 JuiceWrld 9 9 9 Rainbow
33%
2021 Fighting Demons Relocate
33%
2017 JuiceWrld 9 9 9 Eye Contact (Look Me in My Eyes)
29%
2017 JuiceWrld 9 9 9 Sticks & Stones
29%
2017 JuiceWrld 9 9 9 Two Cups (Everything's Going My Way)
29%
2021 Fighting Demons You Wouldn't Understand
29%
2017 JuiceWrld 9 9 9 Lost Her
25%
2017 JuiceWrld 9 9 9 Until It's Over
25%
2020 Legends Never Die Get Through It (Interlude)
21%
2019 Singles Run
13%
No matching quizzes found
Score Distribution
Percent of People with Each Score
Percentile by Number Answered
Your Score History
You have not taken this quiz since the last reset